Die teuersten Fußballtransfers - Geboren 1997 - Statistiken

Allgemein
  • Dieses Quiz wurde 32 mal gespielt
  • Das Durchschnittsergebnis liegt bei 7 aus 10
Antwortstatistiken
Ablöse (M €) Saison Nationalität Abgebender Verein Aufnehmender Verein Spieler % Korrekt
86,00 2019-2020 Niederlande Ajax Amsterdam FC Barcelona Frenkie de Jong
100%
135,00 2017-2018 Frankreich Borussia Dortmund FC Barcelona Ousmane Dembélé
100%
60,00 2023-2024 Frankreich RB Leipzig FC Chelsea Christopher Nkunku
93%
63,00 2019-2020 Serbien Eintracht Frankfurt Real Madrid Luka Jović
93%
58,00 2022-2023 Brasilien FC Everton Tottenham Richarlison
81%
72,60 2020-2021 Portugal Benfica Manchester City Rúben Dias
74%
55,00 2023-2024 Portugal Wolverhampton Al-Hilal Rúben Neves
70%
58,50 2021-2022 England Brighton FC Arsenal Ben White
48%
55,00 2019-2020 England Crystal Palace Manchester United Aaron Wan-Bissaka
41%
60,00 2023-2024 Brasilien Zenti S-Pb Al-Hilal Malcom
37%
Keine übereinstimmenden Quizze gefunden
Verteilung der Resultate
Anzahl Personen mit jedem Resultat
Perzentil nach korrekt beantworteten Fragen
Ihre Resultats-Entwicklung
Sie haben dieses Quiz noch nicht gespielt